000 00313 a2200121 4500
000 nam a22 7a 4500
005 20260209100130.0
020 _a9788119989829
100 _aChanchal Chauhan
_91114427
245 _aSahitya Ka Dalit Saundaryashastra
260 _bRadhakrishna Prakashan
_c2024
942 _cTEXL
999 _c1678967
_d1678967